<?xml version="1.0" encoding="UTF-8"?><?xml-stylesheet type="text/xsl" href="static/style.xsl"?><OAI-PMH xmlns="http://www.openarchives.org/OAI/2.0/" xmlns:xsi="http://www.w3.org/2001/XMLSchema-instance" xsi:schemaLocation="http://www.openarchives.org/OAI/2.0/ http://www.openarchives.org/OAI/2.0/OAI-PMH.xsd"><responseDate>2026-04-17T07:35:03Z</responseDate><request verb="GetRecord" identifier="oai:www.recercat.cat:2117/185422" metadataPrefix="marc">https://recercat.cat/oai/request</request><GetRecord><record><header><identifier>oai:recercat.cat:2117/185422</identifier><datestamp>2026-02-24T02:54:08Z</datestamp><setSpec>com_2072_1033</setSpec><setSpec>col_2072_452951</setSpec></header><metadata><record xmlns="http://www.loc.gov/MARC21/slim" xmlns:dcterms="http://purl.org/dc/terms/" xmlns:xsi="http://www.w3.org/2001/XMLSchema-instance" xmlns:doc="http://www.lyncode.com/xoai" xsi:schemaLocation="http://www.loc.gov/MARC21/slim http://www.loc.gov/standards/marcxml/schema/MARC21slim.xsd">
   <leader>00925njm 22002777a 4500</leader>
   <datafield ind2=" " ind1=" " tag="042">
      <subfield code="a">dc</subfield>
   </datafield>
   <datafield ind2=" " ind1=" " tag="720">
      <subfield code="a">Moreno Sánchez, Africa</subfield>
      <subfield code="e">author</subfield>
   </datafield>
   <datafield ind2=" " ind1=" " tag="260">
      <subfield code="c">2020-04-24</subfield>
   </datafield>
   <datafield ind2=" " ind1=" " tag="520">
      <subfield code="a">The main purpose of this paper is to identify the 4.0 technologies drivers within fashion and luxury. The model will outline the innovations that are being studied or have been implemented recently in mentioned fields. Also, it will be analyzed the relation between the sectors of interest, in order to see the differences and similitudes between them. Next, it will be firstly exposed a literature review concerning the goals and constrains in the current markets. After that, the project will proceed through the detailed studied case, by means of a previous articles research and organisation. Concretely, yhe document is threefold, the first stage provides a literature overview of luxury and fashion; presenting the yet market strategies and the major goals within industry 4.0. After the paper shows the methodology applied and the studied framework and it concludes analysing how industry 4.0 is involved in the market stakeholders and how can be deployed in the future steps. The principal findings in this project has led to state the new drivers of the current fashion and luxury needs, as well as, organize the cutting-edge technologies throughout the parties of interest.</subfield>
   </datafield>
   <datafield ind2=" " ind1=" " tag="520">
      <subfield code="a">Outgoing</subfield>
   </datafield>
   <datafield tag="653" ind2=" " ind1=" ">
      <subfield code="a">Àrees temàtiques de la UPC::Economia i organització d'empreses</subfield>
   </datafield>
   <datafield tag="653" ind2=" " ind1=" ">
      <subfield code="a">Indústria -- Innovacions tecnològiques</subfield>
   </datafield>
   <datafield tag="653" ind2=" " ind1=" ">
      <subfield code="a">Moda -- Indústria i comerç</subfield>
   </datafield>
   <datafield tag="653" ind2=" " ind1=" ">
      <subfield code="a">Articles de luxe -- Màrqueting</subfield>
   </datafield>
   <datafield ind2="0" ind1="0" tag="245">
      <subfield code="a">Industry 4.0 throughout fashion and luxury goods</subfield>
   </datafield>
</record></metadata></record></GetRecord></OAI-PMH>